000 00718nam a2200229 i 4500
001 C2-0107371
003 PPAK
005 20180727102251.0
008 970618s xx |||| ||||| | may d
040 _aPPAK
_beng
_cPPAK
_erda
082 0 4 _a959.5112
_223
090 0 0 _a959.5112
_bKIS
_dKK
245 0 0 _aKisah Mahsuri
264 1 _a[place of publication not identified] :
_b[publisher not identified] ,
_c[date of publication not identified]
300 _a3 pages ;
_c33 cm
336 _2rdacontent
_atext
337 _2rdamedia
_aunmediated
338 _2rdacarrier
_avolume
500 _aTranskripsi temuramah dengan Hajah Mah bt. Lebai Sharif ; Tiada Pita Kaset
650 1 0 _aKedah - History.
942 _ddc
_cB
999 _c26404
_d26404